|
|
|
|
| LEADER |
00923nam a2200241 a 4500 |
| 001 |
3015584 |
| 008 |
091105s1994 dcua b i000 0 eng d |
| 010 |
|
|
|a 94030977
|
| 020 |
|
|
|a 0821329251
|
| 020 |
|
|
|a 10148132
|
| 040 |
|
|
|a DLC
|c DLC
|d DLC
|
| 082 |
0 |
0 |
|a 338.9
|2 20
|
| 245 |
0 |
0 |
|a Making development sustainable :
|b the world bank group and the environment
|
| 260 |
|
|
|a Washington, D.C. :
|b World Bank,
|c c1994.
|
| 300 |
|
|
|a xv, 270 p. :
|b ill. ;
|c 23 cm.
|
| 504 |
|
|
|a Includes bibliography (p. 263-270).
|
| 541 |
1 |
|
|e 00005390
|
| 650 |
0 |
0 |
|a Sustainable development.
|
| 650 |
0 |
0 |
|a Economic development
|x Environmental aspects.
|
| 710 |
2 |
|
|a The world Bank
|
| 852 |
4 |
|
|a Ayesha Abed Library
|j General Shelf
|
| 999 |
|
|
|c 5707
|d 5707
|
| 952 |
|
|
|0 0
|1 0
|2 ddc
|4 0
|6 338_900000000000000_MAK_1994
|7 0
|9 5639
|a BRACUL
|b BRACUL
|c GEN
|d 2009-11-21
|g 0.00
|l 0
|o 338.9 MAK
|p 3010005390
|r 2009-11-21
|t 1
|w 2009-11-21
|y BK
|x No price found in the accession register.
|